Windows XP General Knowledge Quiz - Statistics

General Stats
  • This quiz has been taken 26 times
  • The average score is 9 of 13
Answer Stats
Question Answer % Correct
Which year was Windows XP released? 2001
100%
Which year did Windows XP become out of support? 2014
100%
What color is the background of the Start button? Green
96%
What color is the taskbar? Blue
91%
Which year was that photo taken? 1996
87%
How many notes does the startup sound consist of? 5
87%
In which US state was that photo taken? California
83%
What is the name of the default desktop background? Bliss
78%
What is a card game that comes with Windows XP and was played by many people at that time? Solitaire
61%
In Windows XP, the "shut down" function is not called "Shut down". What is it called? Turn off
61%
In Windows XP, the "sign out" function is not called "Sign out". What is it called? Log off
48%
What was a popular type of removable storage device in the times of Windows XP? Floppy disk
43%
Who wrote that game? Wes Cherry
9%
No matching quizzes found
Score Distribution
Percent of People with Each Score
Percentile by Number Answered
Your Score History
You have not taken this quiz